Técnicas de muestreo de residuos sólidos e investigación en relleno sanitario piloto
Wedi'i Gadw mewn:
| Prif Awduron: | , |
|---|---|
| Fformat: | Llyfr |
| Iaith: | Sbaeneg |
| Cyhoeddwyd: |
Santiago
Universidad de Chile
1977
|
| Cyfres: | Publicación I - 45
|
| Pynciau: | |
| Tagiau: |
Ychwanegu Tag
Dim Tagiau, Byddwch y cyntaf i dagio'r cofnod hwn!
|
MARC
| LEADER | 00000nam a2200000 a 4500 | ||
|---|---|---|---|
| 001 | UCU6255 | ||
| 003 | CL-VaPUC | ||
| 008 | 960614e19770000CL |||||||||||||||||spa|d | ||
| 082 | 0 | 4 | |a 628.445 |b CON |2 21 |
| 100 | 0 | |a Concha R., Miguel |e author |9 364449 | |
| 700 | 0 | |a Szczaranski C., José Luis |e author |9 364450 | |
| 245 | 1 | 0 | |a Técnicas de muestreo de residuos sólidos e investigación en relleno sanitario piloto |
| 300 | |a 197 p | ||
| 942 | |c BK | ||
| 945 | |d 19960614 00:00:00 |a paguirre | ||
| 260 | |a Santiago |b Universidad de Chile |c 1977 | ||
| 650 | 0 | |a Residuos |9 343036 | |
| 650 | 7 | |a ELIMINACION DE RESIDUOS |2 CL-VaPUC |9 332226 | |
| 650 | 0 | |a Sólidos |9 260188 | |
| 650 | 7 | |a HIGIENE AMBIENTAL |2 CL-VaPUC |9 364394 | |
| 650 | 7 | |a SERVICIOS DE SANEAMIENTO |2 CL-VaPUC |9 361367 | |
| 583 | |a last modification |c 19960614 00:00:00 |k Rodrigo Vera | ||
| 490 | 0 | |a Publicación I - 45 | |
| 999 | |c 249265 |d 249263 | ||
| 952 | |0 0 |1 0 |4 0 |6 628_445000000000000_CON_1977 |7 0 |8 A |9 266436 |a BIBING |b BIBING |d 2019-11-19 |i 1685988 |o 628.445 CON 1977 |p 1685988 |r 2025-01-20 |w 2019-11-19 |y BK |k CCL | ||